[Event "Rated Blitz game"]
[Site "?"]
[Date "2021.05.06"]
[Round "?"]
[White "B777W"]
[Black "MafyDGreat"]
[Result "1/2-1/2"]
[WhiteElo "2404"]
[BlackElo "2320"]
[PlyCount "314"]
[EventDate "2021.??.??"]
[EventType "blitz"]

1. e4 e5 2. Nf3 d5 3. a3 dxe4 4. Nxe5 Qd4 5. Nc4 Nf6 6. Nc3 Bg4 7. Be2 Bc5 8.
O-O h5 9. Nb5 Qd7 10. d4 exd3 11. Qxd3 Na6 12. Qxd7+ Bxd7 13. Ne5 c6 14. Nxd7
Nxd7 15. Nc3 Nc7 16. Ne4 Be7 17. Rd1 O-O-O 18. c4 f6 19. Be3 Kb8 20. h4 Ne6 21.
Nd6 Ne5 22. Nf5 Bf8 23. Rxd8+ Nxd8 24. Bf4 g6 25. Ng3 Ndf7 26. Re1 Bc5 27. Ne4
Be7 28. b3 Rd8 29. Bd1 Kc8 30. Bc2 Bxa3 31. Nxf6 Bb4 32. Rd1 Rxd1+ 33. Bxd1 Nd3
34. Be3 Bc5 35. Bxc5 Nxc5 36. Bc2 g5 37. Bg6 Ne5 38. Bxh5 gxh4 39. Bd1 Kc7 40.
Kh2 Ned3 41. Ng4 Ne4 42. Bf3 Nexf2 43. Nh6 a5 44. Nf5 b5 45. cxb5 cxb5 46. Nxh4
a4 47. bxa4 bxa4 48. Bd5 a3 49. Nf5 Ng4+ 50. Kg3 Nf6 51. Bb3 Nb4 52. Kf2 Kc6
53. Nd4+ Kc5 54. Ne2 Nd3+ 55. Ke3 Ne5 56. Kd2 Kb4 57. Kc2 Nfg4 58. Be6 Ne3+ 59.
Kb1 Nd3 60. Nd4 Nd1 61. Nc2+ Ka4 62. Nxa3 Kxa3 63. Kc2 N1f2 64. Bc4 Nf4 65. g3
Nh5 66. Kd2 Nxg3 67. Ke3 Nh3 68. Bd3 Nh5 69. Kf3 Nf6 70. Ke3 Ng5 71. Kd4 Kb4
72. Ke5 Nd7+ 73. Kd6 Nc5 74. Bf5 Nf3 75. Bd7 Kc4 76. Be6+ Kd4 77. Bd7 Ne5 78.
Be6 Ned3 79. Bg8 Nf4 80. Bf7 Ne4+ 81. Kc6 Ke5 82. Kb6 Kf6 83. Bb3 Ke7 84. Ka5
Kd6 85. Kb4 Ng6 86. Ba2 Nc5 87. Bc4 Ne5 88. Ba2 Ne4 89. Bc4 Nc6+ 90. Kb5 Nc3+
91. Kb6 Na4+ 92. Kb5 Nc3+ 93. Kb6 Ne4 94. Bf1 Nc5 95. Bg2 Ne5 96. Kb5 Ncd3 97.
Kb6 Nf4 98. Be4 Nc4+ 99. Kb5 Nd2 100. Bh1 Ne6 101. Kb4 Nf1 102. Kc3 Ke5 103.
Kc4 Ng3 104. Bg2 Nf4 105. Bf3 Nf5 106. Bh1 Ne3+ 107. Kc5 Nd3+ 108. Kc6 Nc4 109.
Bg2 Nd6 110. Bh1 Nf4 111. Bf3 Nf5 112. Be4 Kxe4 113. Kc5 Ke5 114. Kc4 Nd5 115.
Kd3 Nd4 116. Kc4 Ne6 117. Kd3 Ndf4+ 118. Kc4 Ke4 119. Kc3 Kd5 120. Kb4 Kd4 121.
Kb5 Ng6 122. Kc6 Ke5 123. Kb5 Kd5 124. Kb4 Ne5 125. Kc3 Nc5 126. Kb4 Ne4 127.
Kb5 Nd3 128. Kb6 Kd6 129. Kb5 Nd2 130. Kb6 Nb4 131. Kb5 Nd5 132. Ka4 Kc5 133.
Ka3 Kc4 134. Kb2 Ne3 135. Ka3 Nb3 136. Kb2 Kb4 137. Ka2 Nd4 138. Kb2 Ne2 139.
Ka2 Nc4 140. Kb1 Kb3 141. Ka1 Nc1 142. Kb1 Na2 143. Ka1 Nb4 144. Kb1 Nd3 145.
Ka1 Kc2 146. Ka2 Nc1+ 147. Ka1 Nb3+ 148. Ka2 Nd4 149. Ka1 Nb5 150. Ka2 Nd2 151.
Ka1 Nb1 152. Ka2 N1a3 153. Ka1 Kc3 154. Ka2 Kc2 155. Ka1 Nc4 156. Ka2 Na5 157.
Ka1 Nc4 {Normal} 1/2-1/2

[Event "Rated Blitz tournament L5xWtP0R"]
[Site "?"]
[Date "2021.05.06"]
[Round "?"]
[White "Hikari-Kun"]
[Black "iskander2007"]
[Result "1-0"]
[WhiteElo "2511"]
[BlackElo "2331"]
[PlyCount "121"]
[EventDate "2021.??.??"]
[EventType "blitz"]

1. e4 e5 2. Nf3 d5 3. exd5 e4 4. Qe2 f5 5. d3 Nf6 6. Bg5 Be7 7. dxe4 fxe4 8.
Bxf6 Bxf6 9. Qxe4+ Kf7 10. Qb4 Re8+ 11. Be2 a5 12. Qa3 Na6 13. Nc3 Nb4 14. Qb3
Bf5 15. Rc1 Kg8 16. a3 Na6 17. Qc4 Qe7 18. d6+ Qf7 19. O-O Bxc3 20. bxc3 Rxe2
21. Qxe2 cxd6 22. Nd4 Bd7 23. Rb1 Bc6 24. Nxc6 bxc6 25. Rb6 Nc5 26. Rfb1 Re8
27. Rb8 Ne6 28. Rxe8+ Qxe8 29. Re1 Kf7 30. Qc4 d5 31. Qe2 Nc7 32. Qh5+ g6 33.
Qxh7+ Kf6 34. Rxe8 Nxe8 35. Qa7 Ke6 36. Qxa5 Kd6 37. Qa8 Nc7 38. Qf8+ Kd7 39.
Qg7+ Kc8 40. Qxg6 Kb7 41. Qf7 Kb6 42. Qxc7+ Kxc7 43. h4 Kd6 44. h5 Ke6 45. a4
c5 46. a5 Ke5 47. a6 Ke4 48. a7 d4 49. cxd4 Kxd4 50. a8=Q Kc3 51. Qf3+ Kxc2 52.
Qd5 c4 53. Qxc4+ Kd2 54. Qd5+ Ke1 55. Qe5+ Kd2 56. h6 Kd3 57. h7 Kd2 58. h8=Q
Kd1 59. Qd8+ Kc2 60. Qec7+ Kb3 61. Qdb8+ {Normal} 1-0

[Event "Rated Blitz game"]
[Site "?"]
[Date "2021.05.06"]
[Round "?"]
[White "AGM_Gavin_Ong"]
[Black "KamranShirazi"]
[Result "0-1"]
[WhiteElo "2352"]
[BlackElo "2496"]
[PlyCount "42"]
[EventDate "2021.??.??"]
[EventType "blitz"]

1. e4 e5 2. Nf3 d5 3. exd5 e4 4. Nd4 Qxd5 5. Nb3 Bd6 6. Nc3 Qe5 7. Nb5 Be7 8.
Qe2 a6 9. Nc3 f5 10. d3 Nf6 11. dxe4 fxe4 12. Be3 Nc6 13. O-O-O Bd7 14. Qd2
O-O-O 15. Bf4 Qf5 16. Bg3 Be6 17. Qe3 Rxd1+ 18. Kxd1 Nd5 19. Nxd5 Bxd5 20. Be2
Rd8 21. Kc1 Bg5 {Normal} 0-1

[Event "Rated Blitz game"]
[Site "?"]
[Date "2021.05.06"]
[Round "?"]
[White "Erik_The_Red"]
[Black "jflup"]
[Result "0-1"]
[WhiteElo "2246"]
[BlackElo "2415"]
[PlyCount "136"]
[EventDate "2021.??.??"]
[EventType "blitz"]

1. e4 e5 2. Nf3 d5 3. exd5 e4 4. Ng1 Nf6 5. Nc3 Bb4 6. Bc4 Nbd7 7. Nge2 O-O 8.
Ng3 Nb6 9. Bb3 Nbxd5 10. Nxd5 Nxd5 11. O-O f5 12. c3 Ba5 13. Bxd5+ Qxd5 14. Qb3
Be6 15. Qxd5 Bxd5 16. Ne2 Bc4 17. Re1 Bb6 18. Nf4 g5 19. Ne2 Bd3 20. b3 f4 21.
Ba3 Rfe8 22. Nd4 Bxd4 23. cxd4 Rad8 24. Rac1 c6 25. Rc3 Kf7 26. Bc5 b6 27. Ba3
f3 28. Rxc6 Rxd4 29. Rc7+ Kg6 30. Rxa7 Rc8 31. Rb7 Rc6 32. Rxb6 Rxb6 33. Bc5
Rdd6 34. a4 Rdc6 35. Bxb6 Rxb6 36. a5 Rxb3 37. Ra1 Rb7 38. gxf3 exf3 39. h3 h5
40. Kh2 h4 41. Ra3 Be2 42. Kg1 Kf5 43. a6 Ra7 44. Ra5+ Kg6 45. Kh2 Rxa6 46.
Rxa6+ Bxa6 47. Kg1 Be2 48. d4 Kf5 49. Kh2 Ke4 50. Kg1 Kxd4 51. Kh2 Ke4 52. Kg1
Kd3 53. Kh2 Kd2 54. Kg1 Ke1 55. Kh2 Bd3 56. Kg1 g4 57. hxg4 Bg6 58. Kh2 Kxf2
59. Kh3 Ke3 60. Kxh4 f2 61. Kg5 Be4 62. Kf6 f1=Q+ 63. Kg5 Qf4+ 64. Kh4 Bf3 65.
Kh5 Qxg4+ 66. Kh6 Kf4 67. Kh7 Kf5 68. Kh6 Qg6# {Normal} 0-1

[Event "Rated Blitz game"]
[Site "?"]
[Date "2021.05.06"]
[Round "?"]
[White "lau_ocs"]
[Black "annaly1979"]
[Result "0-1"]
[WhiteElo "2494"]
[BlackElo "2418"]
[PlyCount "78"]
[EventDate "2021.??.??"]
[EventType "blitz"]

1. e4 e5 2. Nf3 d5 3. Nxe5 Qe7 4. d4 f6 5. Nf3 dxe4 6. Ng1 f5 7. Nc3 Nf6 8. Bg5
Be6 9. Qd2 Nbd7 10. Nge2 c6 11. Nf4 Bf7 12. d5 h6 13. dxc6 hxg5 14. cxd7+ Qxd7
15. Qxd7+ Nxd7 16. Nfd5 O-O-O 17. O-O-O Bc5 18. b4 Bxf2 19. Ne7+ Kb8 20. Nxf5
Bg6 21. Nd6 Bh5 22. Be2 Bxe2 23. Nxe2 e3 24. Ne4 g4 25. Rd3 Ne5 26. Rxd8+ Rxd8
27. Rd1 Rxd1+ 28. Kxd1 Nc6 29. c3 a5 30. a3 Kc7 31. Kc2 Ne5 32. N4g3 g6 33. Nd4
axb4 34. axb4 Kd6 35. Ne4+ Kd5 36. Nf6+ Kc4 37. Nb3 b6 38. Ne4 e2 39. Ned2+ Kd5
{Normal} 0-1

[Event "Rated Blitz tournament qioXLFna"]
[Site "?"]
[Date "2021.05.06"]
[Round "?"]
[White "blitzR"]
[Black "Maltinho"]
[Result "0-1"]
[WhiteElo "2339"]
[BlackElo "2490"]
[PlyCount "40"]
[EventDate "2021.??.??"]
[EventType "blitz"]

1. e4 e5 2. Nf3 d5 3. exd5 Bd6 4. Bb5+ c6 5. dxc6 Nxc6 6. d3 Bg4 7. h3 Bh5 8.
O-O Nf6 9. Bg5 O-O 10. Nbd2 Nd4 11. Bc4 b5 12. Bb3 h6 13. Bh4 Qc7 14. g4 Nxg4
15. Nxd4 Nf6 16. Qc1 exd4 17. Bxf6 gxf6 18. Ne4 Bf4 19. Nxf6+ Kh8 20. Qe1 Rg8+
{Normal} 0-1

[Event "Rated Blitz game"]
[Site "?"]
[Date "2021.05.06"]
[Round "?"]
[White "Neftegor"]
[Black "Jomajo"]
[Result "0-1"]
[WhiteElo "2566"]
[BlackElo "2660"]
[PlyCount "114"]
[EventDate "2021.??.??"]
[EventType "blitz"]

1. e4 e5 2. Nf3 d5 3. exd5 e4 4. Qe2 Qe7 5. Nd4 Nf6 6. Nc3 Qe5 7. Nf3 Qe7 8.
Ng5 Bg4 9. f3 exf3 10. Nxf3 Bxf3 11. gxf3 Qxe2+ 12. Bxe2 Bb4 13. Bc4 Nbd7 14.
a3 Bxc3 15. dxc3 O-O-O 16. Rg1 Rhg8 17. d6 Ne5 18. Be2 Rde8 19. Kf2 cxd6 20.
Bg5 Re6 21. f4 Ned7 22. Bc4 d5 23. Bd3 Ne4+ 24. Bxe4 Rxe4 25. Kf3 Rge8 26. Rad1
Nb6 27. Rd3 Re2 28. Rg2 Rxg2 29. Kxg2 Re2+ 30. Kg3 Rxc2 31. b3 Rb2 32. c4 dxc4
33. bxc4 Rc2 34. Rd8+ Kc7 35. Rf8 f6 36. Bh4 Rc3+ 37. Kg4 g5 38. fxg5 Rxc4+ 39.
Kh5 fxg5 40. Bxg5 Kc6 41. Rh8 Ra4 42. Rxh7 Rxa3 43. h4 Nd5 44. Kg6 Rg3 45. Kf5
Rf3+ 46. Ke5 Rf8 47. h5 Re8+ 48. Kd4 Nc7 49. Kd3 Ne6 50. Be3 b5 51. Rxa7 Rd8+
52. Ke4 Rb8 53. Ra6+ Kd7 54. h6 Nc7 55. Rg6 Re8+ 56. Kd4 Ne6+ 57. Kd5 Nc7+ {
Time forfeit} 0-1

[Event "Rated Blitz game"]
[Site "?"]
[Date "2021.05.06"]
[Round "?"]
[White "mrkica1964"]
[Black "Oghart"]
[Result "1-0"]
[WhiteElo "2472"]
[BlackElo "2638"]
[PlyCount "93"]
[EventDate "2021.??.??"]
[EventType "blitz"]

1. e4 e5 2. Nf3 d5 3. exd5 e4 4. Qe2 Nf6 5. d3 Qxd5 6. Ng5 Nc6 7. c3 Bf5 8. f3
e3 9. Bxe3 O-O-O 10. Ne4 Ne5 11. d4 Nxe4 12. fxe4 Qxe4 13. dxe5 Bg4 14. Nd2 Qg6
15. Nf3 Be7 16. Qf2 Qe4 17. Be2 h5 18. O-O h4 19. Rae1 h3 20. g3 Be6 21. Nd4
Qxe5 22. Nxe6 fxe6 23. Bf3 Qb5 24. Qe2 Qa5 25. Qc4 Kb8 26. b4 Qa4 27. Qb3 Qd7
28. Bd4 Bd6 29. Qxe6 Qb5 30. Qe2 Qg5 31. Kh1 c6 32. a4 Bc7 33. b5 c5 34. Qe4
Kc8 35. Qxb7+ Kd7 36. Qc6+ Kc8 37. Qe6+ Kb8 38. Qe4 Kc8 39. Bg4+ Kb8 40. Bf3
Kc8 41. Qg4+ Qxg4 42. Bxg4+ Kb8 43. Bxc5 Rd2 44. Bd4 Rd8 45. Re2 Rxe2 46. Bxe2
Re8 47. Bg4 {Normal} 1-0

[Event "Rated Blitz tournament k7VqgpVG"]
[Site "?"]
[Date "2021.05.06"]
[Round "?"]
[White "Tartosucre"]
[Black "Artem_0degov"]
[Result "0-1"]
[WhiteElo "2357"]
[BlackElo "2473"]
[PlyCount "58"]
[EventDate "2021.??.??"]
[EventType "blitz"]

1. e4 e5 2. Nf3 d5 3. d3 dxe4 4. dxe4 Qxd1+ 5. Kxd1 Nc6 6. c3 Bg4 7. Be2 O-O-O+
8. Kc2 Nf6 9. Bg5 h6 10. Bxf6 gxf6 11. Nbd2 f5 12. h3 Bxf3 13. Bxf3 fxe4 14.
Bxe4 Bc5 15. Rhf1 Kb8 16. Bxc6 bxc6 17. Ne4 Be7 18. g4 h5 19. g5 h4 20. f3 Rh5
21. Rg1 Rg8 22. Rg2 Kc8 23. Rag1 Kd7 24. Rg4 Ke6 25. g6 f5 26. Ng5+ Kd7 27.
R4g2 Rxg6 28. Nf7 Rxg2+ 29. Rxg2 Ke6 {Normal} 0-1

[Event "Rated Blitz game"]
[Site "?"]
[Date "2021.05.06"]
[Round "?"]
[White "RCone2"]
[Black "KamranShirazi"]
[Result "1-0"]
[WhiteElo "2330"]
[BlackElo "2498"]
[PlyCount "89"]
[EventDate "2021.??.??"]
[EventType "blitz"]

1. e4 e5 2. Nf3 d5 3. exd5 e4 4. Qe2 Nf6 5. Nc3 Be7 6. Nxe4 Nxd5 7. d4 O-O 8.
c4 Bb4+ 9. Bd2 Nf4 10. Qe3 Bxd2+ 11. Qxd2 f5 12. Qxf4 fxe4 13. Qxe4 Re8 14. Ne5
Nc6 15. O-O-O Qf6 16. f4 Bf5 17. Qd5+ Be6 18. Qe4 Rad8 19. g4 Bxg4 20. Nxg4
Rxe4 21. Nxf6+ gxf6 22. d5 Nd4 23. Rg1+ Kf7 24. Bd3 Rxf4 25. Rd2 Rg8 26. Rxg8
Kxg8 27. b3 b6 28. Kb2 h5 29. Rg2+ Kf8 30. Kc3 h4 31. b4 Ke8 32. c5 a5 33. a3
axb4+ 34. axb4 bxc5 35. bxc5 Kf7 36. Ra2 f5 37. Ra7 Kf6 38. Rxc7 Ke5 39. d6 Ke6
40. Bc4+ Kf6 41. Rf7+ Ke5 42. d7 Nc6 43. Bb5 Rf3+ 44. Kd2 Nd4 45. d8=Q {
Time forfeit} 1-0

[Event "Rated Blitz game"]
[Site "?"]
[Date "2021.05.05"]
[Round "?"]
[White "mrios"]
[Black "Gifroy"]
[Result "1-0"]
[WhiteElo "2505"]
[BlackElo "2422"]
[PlyCount "97"]
[EventDate "2021.??.??"]
[EventType "blitz"]

1. e4 e5 2. Nf3 d5 3. exd5 e4 4. Ne5 Qxd5 5. d4 exd3 6. Nxd3 Nc6 7. Nc3 Bb4 8.
Bd2 Bxc3 9. Bxc3 Nf6 10. Ne5 Nxe5 11. Qxd5 Nxd5 12. Bxe5 f6 13. Bg3 Be6 14. c3
O-O-O 15. O-O-O Rhe8 16. Bd3 g6 17. Rhe1 Nb6 18. b3 Bd5 19. f3 f5 20. Rxe8 Rxe8
21. Re1 Rxe1+ 22. Bxe1 Nd7 23. Kd2 Ne5 24. Be2 Bc6 25. Ke3 Kd7 26. Bg3 Nf7 27.
h4 Bd5 28. Kd4 Be6 29. Bf4 b6 30. c4 c5+ 31. Kc3 h6 32. a3 g5 33. hxg5 hxg5 34.
Be3 f4 35. Bf2 Kc6 36. b4 Ne5 37. b5+ Kd6 38. g3 Ng6 39. a4 fxg3 40. Bxg3+ Nf4
41. Bf1 Ke5 42. Kd2 Bf5 43. Bf2 Bh3 44. Bxh3 Nxh3 45. Be3 Nf4 46. a5 Kf5 47.
Bxc5 bxc5 48. b6 Ne6 49. b7 {Time forfeit} 1-0

[Event "Rated Blitz game"]
[Site "?"]
[Date "2021.05.05"]
[Round "?"]
[White "LudovicM59"]
[Black "Michael_Watts"]
[Result "1-0"]
[WhiteElo "2455"]
[BlackElo "2288"]
[PlyCount "97"]
[EventDate "2021.??.??"]
[EventType "blitz"]

1. e4 e5 2. Nf3 d5 3. exd5 e4 4. Qe2 Nf6 5. Nc3 Be7 6. Nxe4 O-O 7. d3 Nxd5 8.
Bd2 Re8 9. O-O-O f5 10. Nc3 Nxc3 11. Bxc3 Bg5+ 12. Bd2 Rxe2 13. Bxg5 Re7 14. d4
Qe8 15. Bxe7 Qxe7 16. Bc4+ Kh8 17. Rhe1 Qd8 18. Ne5 Qf8 19. Nf7+ Kg8 20. Nd6+
Kh8 21. Re8 Qxe8 22. Nxe8 Nc6 23. Nxc7 Rb8 24. Re1 Bd7 25. d5 Na5 26. Bd3 Rc8
27. d6 b6 28. Re7 Rd8 29. Ne6 Bxe6 30. Rxe6 Nb7 31. d7 Kg8 32. Re8+ Kf7 33.
Bc4+ Kf6 34. Re6+ Kg5 35. Re7 Nc5 36. Rxg7+ Kh6 37. Rf7 Rxd7 38. Rxd7 Nxd7 39.
Be6 Nc5 40. Bxf5 Kg7 41. Kd2 h6 42. b4 Nb7 43. c4 Nd6 44. Bd3 Kf6 45. Ke3 Ke5
46. f4+ Kf6 47. c5 Nc8 48. Kd4 Ke6 49. f5+ {Normal} 1-0

[Event "Rated Blitz game"]
[Site "?"]
[Date "2021.05.05"]
[Round "?"]
[White "Jager90"]
[Black "annaly1979"]
[Result "1-0"]
[WhiteElo "2494"]
[BlackElo "2428"]
[PlyCount "77"]
[EventDate "2021.??.??"]
[EventType "blitz"]

1. e4 e5 2. Nf3 d5 3. exd5 e4 4. Ne5 Bd6 5. d4 Nf6 6. Nc3 h6 7. Bb5+ Nbd7 8.
O-O O-O 9. Nxd7 Bxd7 10. Bxd7 Qxd7 11. f3 Rfe8 12. fxe4 Nxe4 13. Qf3 Ng5 14.
Bxg5 hxg5 15. Ne4 g4 16. Qd3 Re7 17. c4 Rae8 18. Nc3 b6 19. Qf5 g6 20. Qxd7
Rxd7 21. Rae1 Rde7 22. Rxe7 Rxe7 23. g3 Kg7 24. Kf2 Bb4 25. Re1 Rxe1 26. Kxe1
f5 27. Kf2 Kf6 28. Nb5 Bd6 29. Nxa7 g5 30. Nb5 f4 31. a3 Kf5 32. b4 Ke4 33. c5
bxc5 34. bxc5 Bf8 35. a4 Kxd5 36. Nxc7+ Kxd4 37. Ne6+ Kd5 38. Nxf8 Kxc5 39.
Ne6+ {Normal} 1-0

[Event "Rated Blitz game"]
[Site "?"]
[Date "2021.05.05"]
[Round "?"]
[White "RJThomas1"]
[Black "GoughPhar"]
[Result "0-1"]
[WhiteElo "2294"]
[BlackElo "2434"]
[PlyCount "134"]
[EventDate "2021.??.??"]
[EventType "blitz"]

1. e4 e5 2. Nf3 d5 3. exd5 e4 4. Qe2 Nf6 5. Nc3 Be7 6. Nd4 O-O 7. d3 Nxd5 8.
dxe4 Nxc3 9. bxc3 Bb4 10. Bd2 Re8 11. Qf3 Bc5 12. Bc4 Qe7 13. O-O Nd7 14. Bg5
Ne5 15. Bxe7 Nxf3+ 16. Nxf3 Rxe7 17. e5 Bg4 18. Rfe1 Rae8 19. Ng5 h6 20. Nxf7
Rxf7 21. Bxf7+ Kxf7 22. h3 Bf5 23. Rab1 b6 24. Rbc1 a5 25. g4 Be6 26. Re2 Bxa2
27. Rd1 Re7 28. Kg2 a4 29. Ra1 Bd5+ 30. Kg3 a3 31. f4 a2 32. f5 Re8 33. e6+ Kf6
34. Rd2 c6 35. Rxd5 cxd5 36. Rxa2 Bd6+ 37. Kf3 Rc8 38. Ra7 Rxc3+ 39. Kg2 Rxc2+
40. Kf3 Rc3+ 41. Kg2 Rg3+ 42. Kf2 Rxh3 43. Rf7+ Ke5 44. e7 Bxe7 45. Rxe7+ Kf4
46. Rxg7 Rh2+ 47. Ke1 Ke5 48. Re7+ Kf6 49. Re6+ Kf7 50. Rxb6 Rh4 51. Rd6 Rxg4
52. Rxd5 Rf4 53. Ra5 Kf6 54. Ke2 Re4+ 55. Kf3 Rb4 56. Kg3 h5 57. Kf3 h4 58. Kg2
Rb2+ 59. Kh3 Rb3+ 60. Kxh4 Rb4+ 61. Kg3 Rb3+ 62. Kf4 Rb2 63. Ke4 Rb4+ 64. Kd5
Rh4 65. Ra6+ Kxf5 66. Ra5 Kf6 67. Kd6 Rd4+ {Time forfeit} 0-1

[Event "Rated Blitz game"]
[Site "?"]
[Date "2021.05.05"]
[Round "?"]
[White "Culapio"]
[Black "GoughPhar"]
[Result "0-1"]
[WhiteElo "2442"]
[BlackElo "2420"]
[PlyCount "68"]
[EventDate "2021.??.??"]
[EventType "blitz"]

1. e4 e5 2. Nf3 d5 3. d4 dxe4 4. Nxe5 Bd6 5. Nc4 Nf6 6. Be2 h5 7. h3 Nc6 8. Be3
h4 9. Nbd2 Be6 10. a3 Nd5 11. Nb3 Nxe3 12. Nxe3 Bxb3 13. cxb3 a5 14. Rc1 Nxd4
15. O-O Qf6 16. Re1 Rd8 17. Nf1 O-O 18. Rc3 Rfe8 19. Qb1 Re5 20. Bc4 Rde8 21.
Rce3 Qg6 22. Kh1 Kh7 23. Qd1 c5 24. Qg4 Qxg4 25. hxg4 f5 26. gxf5 Nxf5 27. Rh3
g5 28. Bb5 R8e7 29. Rd1 Kg6 30. Ne3 Nxe3 31. Rxe3 Bc7 32. Rde1 Kf5 33. f3 exf3
34. Bd3+ Kf4 {Time forfeit} 0-1

[Event "Rated Blitz game"]
[Site "?"]
[Date "2021.05.05"]
[Round "?"]
[White "DaniellaQueen"]
[Black "Slimslik02"]
[Result "1-0"]
[WhiteElo "2416"]
[BlackElo "2332"]
[PlyCount "93"]
[EventDate "2021.??.??"]
[EventType "blitz"]

1. e4 e5 2. Nf3 d5 3. Nc3 d4 4. Ne2 Bd6 5. d3 f5 6. exf5 Bxf5 7. Ng3 Be6 8. Ng5
Bd7 9. Qf3 Nf6 10. N3e4 Bc6 11. Nxf6+ Qxf6 12. Qxf6 gxf6 13. Ne4 f5 14. Nxd6+
cxd6 15. Bd2 Rg8 16. Rg1 Nd7 17. O-O-O O-O-O 18. g3 Bf3 19. Re1 Kb8 20. Bh3
Rdf8 21. Bb4 Nc5 22. Bxc5 dxc5 23. Rxe5 b6 24. Rxf5 Rxf5 25. Bxf5 h5 26. Be4
Bxe4 27. dxe4 Rf8 28. f4 h4 29. Kd2 h3 30. Kd3 Kc7 31. e5 Kc6 32. Ke4 Kb5 33.
e6 Kc6 34. Ke5 c4 35. Kxd4 Kd6 36. Re1 b5 37. e7 Re8 38. f5 Rxe7 39. Rxe7 Kxe7
40. Ke5 Kf7 41. f6 a6 42. Kf5 a5 43. g4 b4 44. b3 a4 45. g5 axb3 46. g6+ Kf8
47. axb3 {Normal} 1-0

[Event "Rated Blitz game"]
[Site "?"]
[Date "2021.05.05"]
[Round "?"]
[White "Fleetwood_Mac"]
[Black "SparkyMarky"]
[Result "0-1"]
[WhiteElo "2466"]
[BlackElo "2359"]
[PlyCount "96"]
[EventDate "2021.??.??"]
[EventType "blitz"]

1. e4 e5 2. Nf3 d5 3. exd5 e4 4. Nd4 Qxd5 5. Nb3 Nf6 6. Nc3 Qf5 7. Be2 Bd6 8.
d4 Bd7 9. Be3 h5 10. h3 Nc6 11. Qd2 O-O-O 12. O-O-O Bb4 13. a3 Bxc3 14. Qxc3
Nd5 15. Qe1 Nxe3 16. fxe3 Qg5 17. Bc4 f5 18. Nc5 Kb8 19. Be6 Bc8 20. d5 Ne5 21.
Bxc8 Rxc8 22. Qc3 Rhe8 23. Rhf1 g6 24. Ne6 Qg3 25. Rf4 Nd7 26. Qg7 Nc5 27. Nxc5
Qxe3+ 28. Kb1 Qxf4 29. Qxg6 e3 30. Nd3 Qe4 31. Qxh5 f4 32. Re1 Rf8 33. Qg4 Qxd5
34. Nxf4 Qe4 35. g3 Rce8 36. Qe2 Rf6 37. h4 Rd6 38. h5 a6 39. Qg4 Rd2 40. Qg6
Qxg6 41. hxg6 Rg2 42. g7 Rxg3 43. Nh5 Rg5 44. Nf6 Rg8 45. Nxg8 Rxg7 46. Nf6 Rf7
47. Rxe3 Rxf6 48. Re7 Ka7 {Time forfeit} 0-1

[Event "Rated Blitz game"]
[Site "?"]
[Date "2021.05.05"]
[Round "?"]
[White "Viennaconcert"]
[Black "GrandeGila"]
[Result "0-1"]
[WhiteElo "2310"]
[BlackElo "2478"]
[PlyCount "50"]
[EventDate "2021.??.??"]
[EventType "blitz"]

1. e4 e5 2. Nf3 d5 3. exd5 e4 4. Qe2 Nf6 5. Nc3 Be7 6. Nxe4 O-O 7. Nxf6+ Bxf6
8. d4 Qxd5 9. Be3 Bf5 10. c3 Nd7 11. h3 Be4 12. Rg1 Rfe8 13. Nd2 Bg6 14. g4 c5
15. Bg2 Qd6 16. d5 b5 17. Kf1 c4 18. Qf3 Bd3+ 19. Ke1 Ne5 20. Qg3 Bc2 21. Bf1
h6 22. f4 Nd3+ 23. Bxd3 Bxd3 24. Kf2 Bd8 25. Qf3 Rxe3 {Normal} 0-1

[Event "Rated Blitz game"]
[Site "?"]
[Date "2021.05.05"]
[Round "?"]
[White "ziachess"]
[Black "JellalFernandes"]
[Result "1/2-1/2"]
[WhiteElo "2579"]
[BlackElo "2582"]
[PlyCount "90"]
[EventDate "2021.??.??"]
[EventType "blitz"]

1. e4 e5 2. Nf3 d5 3. exd5 Bd6 4. Nc3 Nf6 5. d4 e4 6. Ne5 Qe7 7. Bb5+ Nbd7 8.
O-O O-O 9. Nxd7 Nxd7 10. Qh5 f5 11. Bg5 Nf6 12. Qh4 h6 13. Bf4 Bb4 14. Bc4 Kh7
15. Be5 Bd6 16. f4 Bd7 17. Nd1 b5 18. Bb3 a5 19. a3 a4 20. Ba2 Rac8 21. Qh3 Qf7
22. Ne3 g6 23. c3 Qg8 24. Kh1 Be8 25. Qh4 Qg7 26. h3 Kg8 27. Rg1 g5 28. Qf2 Bd7
29. g3 Qg6 30. Qe2 Kf7 31. Rac1 Rh8 32. c4 bxc4 33. Nxc4 Ke7 34. Qd2 Qh5 35.
Qh2 Qf3+ 36. Qg2 Qh5 37. Ne3 Rcg8 38. Qh2 Qf3+ 39. Ng2 gxf4 40. gxf4 Nh5 41.
Rgf1 Ng3+ 42. Kg1 Ne2+ 43. Kh1 Ng3+ 44. Kg1 Ne2+ 45. Kh1 Ng3+ {Normal} 1/2-1/2

[Event "Rated Blitz game"]
[Site "?"]
[Date "2021.05.05"]
[Round "?"]
[White "mrios"]
[Black "Gifroy"]
[Result "1-0"]
[WhiteElo "2485"]
[BlackElo "2441"]
[PlyCount "165"]
[EventDate "2021.??.??"]
[EventType "blitz"]

1. e4 e5 2. Nf3 d5 3. Nxe5 Bd6 4. d4 dxe4 5. Nc4 Be7 6. Nc3 Bf5 7. d5 Nf6 8.
Ne3 Bg6 9. Be2 O-O 10. O-O a6 11. a4 Bd6 12. h3 Re8 13. Nc4 Nbd7 14. Nxd6 cxd6
15. Bf4 Ne5 16. Re1 Rc8 17. Qd4 Qc7 18. a5 Qc5 19. Be3 Qxd4 20. Bxd4 Nc4 21. b3
Ne5 22. Ra2 Nfd7 23. Na4 f5 24. c4 f4 25. Bf1 Re7 26. Nc3 Nf6 27. Ra4 Rce8 28.
Rb4 h6 29. Rb6 Rd8 30. Rd1 Ne8 31. Re1 Nd7 32. Rb4 Nc5 33. Bxc5 dxc5 34. Rb6
Nd6 35. Na4 Rc7 36. g3 fxg3 37. fxg3 Nf5 38. Kh2 Nd4 39. Bg2 Re8 40. Rxg6 e3
41. Nc3 Nxb3 42. Re6 Rxe6 43. dxe6 Nxa5 44. Bd5 Kf8 45. Rxe3 Ke7 46. Ne4 b5 47.
cxb5 axb5 48. Ra3 Nb7 49. Ra7 c4 50. Rxb7 Rxb7 51. Bxb7 b4 52. Ba6 c3 53. Bd3
Kxe6 54. Kg2 Kd5 55. Kf3 Kd4 56. Bc2 g5 57. g4 Kc4 58. Nd6+ Kc5 59. Nf5 Kc4 60.
Ke3 b3 61. Bxb3+ Kxb3 62. Kd3 Kb2 63. Nd4 Kc1 64. Kxc3 Kd1 65. Kd3 Ke1 66. Ke3
Kf1 67. Kf3 Kg1 68. Kg3 Kf1 69. Nf5 Ke2 70. Nxh6 Ke3 71. Nf7 Kd4 72. Nxg5 Ke5
73. h4 Kf6 74. Kf4 Kg7 75. Kf5 Kh8 76. h5 Kg7 77. Ne4 Kf8 78. Kg6 Kg8 79. h6
Kh8 80. g5 Kg8 81. h7+ Kh8 82. Kf7 Kxh7 83. g6+ {Time forfeit} 1-0

[Event "Rated Blitz game"]
[Site "?"]
[Date "2021.05.05"]
[Round "?"]
[White "Viennaconcert"]
[Black "GrandeGila"]
[Result "0-1"]
[WhiteElo "2310"]
[BlackElo "2477"]
[PlyCount "25"]
[EventDate "2021.??.??"]
[EventType "blitz"]

1. e4 e5 2. Nf3 d5 3. exd5 e4 4. Qe2 Nf6 5. Nc3 Be7 6. Nxe4 O-O 7. d3 Re8 8.
Be3 Nxd5 9. O-O-O f5 10. Nc3 Nxc3 11. bxc3 Ba3+ 12. Kd2 f4 13. Nd4 {Normal} 0-1

[Event "Rated Blitz game"]
[Site "?"]
[Date "2021.05.05"]
[Round "?"]
[White "RomChartres"]
[Black "Fantastic_power06"]
[Result "1-0"]
[WhiteElo "2563"]
[BlackElo "2661"]
[PlyCount "153"]
[EventDate "2021.??.??"]
[EventType "blitz"]

1. e4 e5 2. Nf3 d5 3. Nxe5 Bd6 4. d4 dxe4 5. Bc4 Bxe5 6. Qh5 Qe7 7. Qxe5 Qxe5
8. dxe5 Nc6 9. Nc3 Bf5 10. Bf4 Rd8 11. Nb5 Rd7 12. Rd1 Be6 13. Bxe6 fxe6 14.
O-O a6 15. Rxd7 Kxd7 16. Rd1+ Kc8 17. Nc3 Nge7 18. Nxe4 Ng6 19. Bg3 Ngxe5 20.
Nc5 Re8 21. b3 Nf7 22. Bxc7 Kxc7 23. Rd7+ Kb6 24. Na4+ Ka5 25. Rxf7 Rd8 26. g3
Kb4 27. Rxb7+ Ka3 28. Rxg7 Nb4 29. Rxh7 Nxc2 30. h4 e5 31. Rc7 Rd1+ 32. Kg2 Nd4
33. Nc3 Re1 34. h5 e4 35. Rc4 Nf5 36. Rxe4 Rc1 37. Ne2 Rc8 38. g4 Nh6 39. Ra4+
Kb2 40. Kg3 Rc2 41. Nf4 Rc3+ 42. f3 Nf7 43. Ra5 Re3 44. g5 Ne5 45. Rxe5 Rxe5
46. Kg4 Kxa2 47. g6 Kb2 48. g7 Re1 49. Kg3 Rg1+ 50. Ng2 Rh1 51. g8=Q Rxh5 52.
Qg4 Rb5 53. Qa4 Rxb3 54. Qxa6 Rc3 55. Qf6 Kb3 56. Qxc3+ Kxc3 57. Kg4 Kd4 58.
Kg5 Ke5 59. f4+ Ke6 60. Kg6 Ke7 61. Kg7 Ke6 62. Nh4 Ke7 63. f5 Kd6 64. f6 Ke5
65. f7 Ke4 66. f8=Q Kd4 67. Qf5 Kc4 68. Kg6 Kd4 69. Kf6 Kc4 70. Qe5 Kd3 71. Ke6
Kc4 72. Kd6 Kb4 73. Qd5 Kc3 74. Kc6 Kb4 75. Qd4+ Ka5 76. Qb2 Ka4 77. Kc5 {
Normal} 1-0